000
00415nam a2200133Ia 4500
008
100328s9999 xx 000 0 und d
082
_b
53598
100
_a
साठे शं.गो.
245
_a
स्वप्नीचे हे ान
260
_b
पॅाप्युलर
630
_a
स्वप्नीचे हे ान
730
_a
स्वप्नीचे हे ान
942
_c
BOOK
999
_c
540341
_d
540338